=LDR 00000nam 2200000 4500 =001 INLIS000000000040170 =005 20130612145740 =008 ***********************************ind** =035 ##$$0010-061300000040170 =041 ##$$a ind =100 ##$$a Zaky, Abdullah =245 ##$$a Gunung Hancur Ketika Allah Menampakan Diri =650 ##$$a Bacaan Kanak-kanak =850 ##$$a NBPNMAT